000 00666nam a2200241Ia 4500
003 OSt
005 20220923223808.0
006 a|||||r|||| 00| 0
007 ta
008 Pun
024 _a221,436
037 _cTextual
040 _aARTS
_cARTS
_bPun
041 _2Pun
_aPun
082 _aO153,1N05x, K9;N8
100 _aਸਿੰਘ, ਮੋਹਨ
245 0 _aਪੰਜ ਪਾਣੀ
260 _aਜਲੰਧਰ
_b ਨਿਊ ਬੂਕ ਕੰਪਨੀ
_c1998
300 _a142ਪੰ
_ccm.
650 _aਪੰਜਾਬੀ ਸਾਹਿਤ
942 _hO153,1N05x, K9;N8
_cTEXL
_2CC
999 _c367427
_d367427